BIBLIOTECA PODER JUDICIAL
Portal Judicial TDF

El derecho a la tutela efectiva de las víctimas como derecho humano fundamental en el Sistema Interamericano / (Registro nro. 6454)

000 -LEADER
fixed length control field 01466nab a22002777a 4500
003 - CONTROL NUMBER IDENTIFIER
control field OSt
005 - DATE AND TIME OF LATEST TRANSACTION
control field 20260205094934.0
008 - FIXED-LENGTH DATA ELEMENTS--GENERAL INFORMATION
fixed length control field 190429b xxu||||| |||| 00| 0 spa d
040 ## - CATALOGING SOURCE
Transcribing agency PJ
100 ## - MAIN ENTRY--PERSONAL NAME
9 (RLIN) 7077
Personal name Mateos, Julieta Carolina
245 13 - TITLE STATEMENT
Title El derecho a la tutela efectiva de las víctimas como derecho humano fundamental en el Sistema Interamericano /
Statement of responsibility, etc Julieta Carolina Mateos.
260 ## - PUBLICATION, DISTRIBUTION, ETC. (IMPRINT)
Date of publication, distribution, etc Ciudad Autónoma de Buenos Aires :
Place of publication, distribution, etc Thomson Reuters La Ley,
Name of publisher, distributor, etc 2024.
300 ## - PHYSICAL DESCRIPTION
Extent p. 36-42
500 ## - GENERAL NOTE
General note Cita: TR LALEY AR/DOC/855/2024.
505 ## - FORMATTED CONTENTS NOTE
Formatted contents note Sumario: I. Las normas de comportamiento como razones para la acción.— II. El silogismo práctico.— III. Las normas silogísticamente opacas.— IV. Algunas críticas y justificaciones a la regulación de delitos de posesión.— V. Una (propia) posición legitimatoria.— VI. Hacia una democratización del derecho penal.<br/>
505 ## - FORMATTED CONTENTS NOTE
Title Si te interesa el texto completo, solicitalo a koha@justierradelfuego.gov.ar
650 #0 - SUBJECT ADDED ENTRY--TOPICAL TERM
9 (RLIN) 343
Topical term or geographic name as entry element DERECHO PENAL
650 #0 - SUBJECT ADDED ENTRY--TOPICAL TERM
9 (RLIN) 614
Topical term or geographic name as entry element DERECHOS HUMANOS
650 #0 - SUBJECT ADDED ENTRY--TOPICAL TERM
9 (RLIN) 180
Topical term or geographic name as entry element DEBIDO PROCESO
650 #0 - SUBJECT ADDED ENTRY--TOPICAL TERM
9 (RLIN) 7076
Topical term or geographic name as entry element DELITO DE ACCIÓN PÚBLICA
650 #0 - SUBJECT ADDED ENTRY--TOPICAL TERM
9 (RLIN) 5972
Topical term or geographic name as entry element DERECHO AL RECURSO
650 #0 - SUBJECT ADDED ENTRY--TOPICAL TERM
9 (RLIN) 3637
Topical term or geographic name as entry element TUTELA JUDICIAL EFECTIVA
650 #0 - SUBJECT ADDED ENTRY--TOPICAL TERM
9 (RLIN) 3377
Topical term or geographic name as entry element CORTE INTERAMERICANA DE DERECHOS HUMANOS
773 0# - HOST ITEM ENTRY
Host Biblionumber 2658
Host Itemnumber 3164
Title Revista de derecho penal y criminología. Nº 4 - Mayo 2024
Place, publisher, and date of publication Ciudad Autónoma de Buenos Aires : Thomson Reuters La Ley, 2017-
International Standard Serial Number 00347914
942 ## - ADDED ENTRY ELEMENTS (KOHA)
Source of classification or shelving scheme
Koha item type Analítica Artículo de Revista

No hay ítems disponibles.

12 de Octubre 789 Ushuaia - Tel:  54(02901)441571
Horario de Atención: 8.00 a 17.00 hs. 
bibliotecaush@justierradelfuego.gov.ar
koha@justierradelfuego.gov.ar
Seguinos en nuestras redes @bibliojustdf 

Con tecnología Koha